000 00583nam a2200181Ia 4500
005 20250923145916.0
008 008 250917s9999 xx 000 0 eng d
037 _aTextual
040 _aDSWL
_beng
_cDSWL
041 _aeng
_2eng
084 _aYX,Z1-z4;6-B3-73, N93
_qDSWL
100 _aFine, Paul
_9840185
245 2 _aA Development network approach to Theropeutic-Foster care
_c by Paul Fine
260 _aWashington
_b Child Welfare League of American
_c1993
300 _avi,113p.
942 _cTEXL
_hYX,Z1-z4;6-B3-73, N93
999 _c1457203
_d1457203